| 000 | 00503nam a2200169Ia 4500 | ||
|---|---|---|---|
| 003 | GCL | ||
| 008 | 140319s9999 xx 000 0 eng d | ||
| 040 |
_aGCL / _cGCL |
||
| 082 | 0 | 4 |
_a820.9 _bF N |
| 100 | 1 | _aFRYE , NORTHROP | |
| 245 | 1 | 0 |
_aA NATURAL PERSPECTIVE : THE DEVELOPMENT OF SHAKESPEAREAN COMEDY AND ROMANCE / _cFRYE , NORTHROP |
| 260 |
_a[S.N] : _bCOLUMBIA UNIVERSITY PRASS ، _c1965 |
||
| 300 | _a159 P | ||
| 650 | 0 | 4 | _aENGLISH LITERATURE |
| 650 | 0 | 4 | _aSHAKESPEARE, WILLIAM |
| 942 |
_2ddc _cBK |
||
| 999 |
_c11135 _d11135 |
||